| 000 | 00674nam a22001577a 4500 | ||
|---|---|---|---|
| 999 |
_c4557 _d235061 |
||
| 080 | _a340.6 M 733 | ||
| 100 |
_4aut _aMolina, Marcelo Anselmo |
||
| 245 | _aSistema de Procuración de Organos y tejidos para Trasplante Solidaridad legal vs. Cooperacion social | ||
| 300 | _a34 P. | ||
| 500 | _aDirector de tesis: | ||
| 502 | _aTesis (Especialización)--Universidad Nacional de Mar del Plata. Facultad de Derecho. Departamento de Posgrado, 2007. | ||
| 504 | _aTiene Bibliografía: P. 33- 34. | ||
| 650 |
_2IEDCYT _atrasplante de órganos _xderecho a disponer del propio cuerpo _xdonante presunto _xderecho- deber de información |
||
| 945 |
_acd _d2017-08-08 |
||